Educación y cambio /

Guardado en:
Autor Principal: Freire, Paulo
Formato: Libro
Publicado: Buenos Aires : Galerna, 2002
Edición:5a. ed.
Series:Debates del tercer milenio
Materias:
Etiquetas: Agregar Etiqueta
Sin Etiquetas, Sea el primero en etiquetar este registro!
LEADER 00890nam a22002295a 4500
001 CEM.cems011801
005 20060214000000.0
008 130507s2002##################000#0#####d
003 CEMS
082 0 4 |a 370.19 
100 1 |a Freire, Paulo 
245 1 0 |a Educación y cambio /  |c Paulo Freire 
250 |a 5a. ed. 
260 |a Buenos Aires :  |b Galerna,  |c 2002 
300 |a 104 p. 
490 0 |a Debates del tercer milenio 
505 0 |a El compromiso del profesional con la sociedad -- La educación y el proceso de cambio social -- El rol del trabajador social en el proceso del cambio -- Alfabetización de adultos y concientización -- Virtudes del educador en un contexto de cambio 
653 |a Educación 
653 |a Sociología de la educación 
653 |a Educación y cambio 
653 |a Alfabetización de adultos 
859 |a CEMS  |b BIB. CEMS - 11 de abril  |h 370.19  |i F883-2a5  |p 22765.05  |t Ej.1